| 000 | 00863nam a22002297a 4500 | ||
|---|---|---|---|
| 999 |
_c21630 _d21630 |
||
| 003 | AR-CdUCM | ||
| 008 | 201015b ||||| |||| 00| 0 spa d | ||
| 020 | _a9788415118619 | ||
| 040 |
_aMUNICIPALIDAD PROVINCIAL DEL CUSCO _cBIBLIOTECA MUNICIPAL DEL CUSCO |
||
| 082 |
_a869.26/C781 _bC781 |
||
| 100 |
_aCortázar, Julio _9909 |
||
| 245 |
_aEl último combate / _cJulio Cortázar ; Julio Silva |
||
| 260 |
_aMéxico ; _bRM, _c2013. |
||
| 300 |
_a159 páginas. : _bilustraciones; fotografías [85-92] ; _c27x16 cm. _e+ 01 afiche. |
||
| 505 | _aContenido: Un Julio habla del otro -- Correspondencia de Julio Cortázar a Julio Silva -- Silvalandia -- La pluma y la tijera -- Cronología | ||
| 650 |
_aCortázar, Julio _945585 |
||
| 650 |
_aLiteratura _945586 |
||
| 650 |
_aLiteratos _9754 |
||
| 700 |
_aSilva, Julio _945587 |
||
| 942 |
_2ddc _cLIBROS |
||
| 945 | _aRoel | ||